| 000 | 00611nam a2200205 a 4500 | ||
|---|---|---|---|
| 005 | 20210219152914.0 | ||
| 008 | 991125n 000 0 spa u | ||
| 035 | _aUPN01000066593 | ||
| 100 | _aMONTALVO VALDES, José Antonio | ||
| 222 | _aEDUCACION | ||
| 245 | _aLos campamentos de pioneros docentes-recreativos y la continuidad del proceso docente educativo | ||
| 260 | _aCuba | ||
| 300 | _a54-58 | ||
| 362 | _a1978 Año 8, no. 29, abr.-jun. | ||
| 653 | 0 | _aACTIVIDADES RECREATIVAS | |
| 653 | 0 | _aCAMPAMENTOS | |
| 653 | 0 | _aEDUCACION EXTRAESCOLAR | |
| 700 | _aTORRES FARIAS, Luis | ||
| 905 | _aArticulo | ||
| 999 |
_c63564 _d63564 |
||